000 01030nam a22003137a 4500
003 CHAP
005 20220817041155.0
008 971013s1989 r 00010 d
010 _a7927
011 _a8899
035 _a8131
040 _cCHAP
090 _aFolleto 13988
100 0 0 _aBreese, E. L.
_915201
245 _aRegeneration and multiplication of germplasm resources in seed genebanks
_b: the saentific background
260 _aRome :
_bInternational Board for Plant Genetic Resources,
_c1989
300 _a69 p
590 _aBATCH-UPD
_b10
_c20130110
_lUCH01
_h1433
590 _aBATCH-UPD
_b10
_c20130410
_lUCH01
_h0909
590 _aBATCH-UPD
_b10
_c20130914
_lUCH01
_h0757
590 _aCONVERSION
_b10
_c20130109
_lUCH01
_h1305
650 1 4 _aGermoplasma.
_947766
650 1 4 _aRecursos genéticos.
_995078
650 1 4 _aSemillas
_xMejoramiento.
710 0 _aInternational Board for Plant Genetic Resources.
_959561
901 _aBK
942 _cFOLL
949 _aFolleto 13988
_bBC
_cFOLL
_d-18276
_eTS1
_i8131
_mD
_si
999 _c7927
_d7927